• 首页
  • 本馆介绍
  • 公告通知
  • 最新文献
  • 馆藏检索
  • 电子资源
  • 读者荐购
  • 参考咨询
  • CALIS
  • 我的图书馆
  • 登录
  • 详细信息显示
  • 放入我的书架
  • 预约/预借图书
  • 作者相关作品
  • 分类相关作品
  • 丛书相关作品
  • 出版社相关作品

书目信息

  • 表格格式
  • 工作单格式
  • 卡片格式
题名:
人间
    
 
作者: 蔡骏 著
分册: 下卷   拯救者
出版信息: 郑州   河南文艺出版社  2010.01
页数: 320页
开本: 24cm
丛书名:
单 册:
中图分类: I247.5
科图分类:
主题词: 长篇小说--中国--当代
电子资源:
ISBN: 978-7-80765-183-3
 
 
 
 
 
000 00792nam0 2200241 450
001 012010610482
005 20100521112531.07
009 012004422952
010    @a978-7-80765-183-3@dCNY25.00
100    @a20100515d2010 em y0chiy0110 ea
101 0  @achi
102    @aCN@b410000
105    @ay z 000ay
200 1  @a人间@Aren jian@h下卷@i拯救者@f蔡骏著
210    @a郑州@c河南文艺出版社@d2010.01
215    @a320页@d24cm
304    @a英文共同题名:The world
330    @a本书写了两个自己的战争,无论谁输谁赢,灭亡的都将是我!是一部悬疑天王蔡骏最新作品,人性与命运的传奇体验。被称之为中国版《基督山伯爵》,超越极限震撼世界的当代悬疑史诗。
606 0  @a长篇小说@y中国@z当代
690    @aI247.5@v4
701  0 @a蔡骏@Acai jun@4著
801  0 @aCN@c20100515
905    @dI247.5@eC035-2:2@f3
    
    人间.下卷.拯救者/蔡骏著.-郑州:河南文艺出版社,2010.01
    320页;24cm
    
    
    ISBN 978-7-80765-183-3:CNY25.00
    本书写了两个自己的战争,无论谁输谁赢,灭亡的都将是我!是一部悬疑天王蔡骏最新作品,人性与命运的传奇体验。被称之为中国版《基督山伯爵》,超越极限震撼世界的当代悬疑史诗。
●
相关链接 在E读中查询图书 在当当中查询图书 在豆瓣中查询图书


正题名:人间     索取号:I247.5/C035-2:2         预约/预借

序号 登录号 条形码 馆藏地/架位号 状态 备注
1 981891   209818919   社科二线400B/400B社科库 15排1列6层/ [索取号:I247.5/C035-2:2] 在馆    
2 981892   209818928   文学库108/108文学库 26排1列4层/ [索取号:I247.5/C035-2:2] 在馆    
3 981893   209818937   社科二线400B/400B社科库 15排1列6层/ [索取号:I247.5/C035-2:2] 在馆    
河南城建学院图书馆 欢迎您!
大连网信软件有限公司© 版权所有